| 000 | 01371nam a2200133Ia 4500 | ||
|---|---|---|---|
| 008 | 220615s9999||||xx |||||||||||||| ||und|| | ||
| 020 | _a9783040000000 | ||
| 245 | 0 | _aCritical Metals in Hydrothermal Ores: Resources, Recovery, and Challenges | |
| 546 | _aEnglish[eng] | ||
| 650 | _aREE precipitation||thermodynamic modelling||Bayan Obo REE-Nb-Fe deposit||cobalt supply||rhenium||gold||by-products||pyrite processing||geo-metallurgy||porphyry-type mining||green mining||Re-Os dating||fluid inclusions||H-O isotope||quartz-vein tungsten deposit||eastern Central Asian Orogenic Belt||pXRF||antimony||mineral exploration||Vendean antimony district||sphalerite||trace elements||Hilton Zn-Pb (Ag)||sulphides||Mount Isa||critical metals||hydrometallurgy||leachate||ICP-MS||polymetallic sulphides||granite||copper||mining waste||waste rock||recovery rate||sustainability||ore genesis||fluid evolution||REE enrichment||carbonatite-related REE deposit||Qianjiadian uranium deposit||Songliao Basin||mafic rocks||tectonic inversion||reducing barrier||U mineralization||LA-ICPMS||Jiangnan tungsten ore belt||Zhuxiling W (Mo) deposit||reduced skarn||Mn-rich garnet||deep-sea sediment||eastern South Pacific||bioapatite||hydrothermal fluids||LA-(MC)-ICP-MS||n/a | ||
| 700 | _aZhou, Lingli||Fan, Hongrui||Ulrich, Thomas | ||
| 856 | _uhttps://mdpi.com/books/pdfview/book/4342 | ||
| 942 | _cEB | ||
| 999 |
_c8843 _d8843 |
||